Mobile Legends: S.A.B.E.R. Squad - Statistics

General Stats
  • This quiz has been taken 147 times
  • The average score is 3 of 5
Answer Stats
Characters Skins % Correct
Layla Breacher
72%
Johnson Automata
68%
Rafaela Savior
62%
Saber Regulator
53%
Cyclops Exploder
33%
No matching quizzes found
Score Distribution
Percent of People with Each Score
Percentile by Number Answered
Your Score History
You have not taken this quiz